Central Library OPAC University of Rajshahi

সাদেক হেদায়াতের ফারসি ছোটগল্পে সমাজচিত্র / (Record no. 83082)

MARC details
000 -LEADER
fixed length control field 01802nam a2200289 a 4500
001 - CONTROL NUMBER
RUCL Control Number 83082
003 - CONTROL NUMBER IDENTIFIER
rucl marc code BD-RjUL
005 - DATE AND TIME OF LATEST TRANSACTION
control field 20240213122532.0
008 - FIXED-LENGTH DATA ELEMENTS--GENERAL INFORMATION
fixed length control field 240213s2020 bg a|||| m||| 00| 0 ben d
035 ## - SYSTEM CONTROL NUMBER
system control number (BD-RjUL)83082
040 ## - CATALOGING SOURCE
Original cataloging agency BD-RjUL
Language of cataloging ben/eng
Transcribing agency BD-RjUL
Modifying agency BD-RjUL
041 ## - LANGUAGE CODE
Language code of Book ben
082 ## - DEWEY DECIMAL CLASSIFICATION NUMBER
DDC Edition number 23
Classification number 891.5509
Author mark and Year RAS 2020
100 ## - MAIN ENTRY--PERSONAL NAME
Personal name রহমান, মিজানুর
9 (RLIN) 11723
245 10 - TITLE STATEMENT
Title সাদেক হেদায়াতের ফারসি ছোটগল্পে সমাজচিত্র /
Statement of responsibility, etc মিজানুর রহমান
Name of Supervisor/Co-Supervisor সুপারভাইজার : মো. কামাল উদ্দিন
246 ## - VARYING FORM OF TITLE
Title proper/short title Sadek Hedayat's Persian short stories of society /
260 ## - PUBLICATION, DISTRIBUTION, ETC. (IMPRINT)
Place of publication, distribution, etc রাজশাহী :
Name of publisher, distributor, etc ফারসি ভাষা ও সাহিত্য বিভাগ, রাজশাহী বিশ্ববিদ্যালয়,
Date of publication, distribution, etc ২০২০
300 ## - PHYSICAL DESCRIPTION
Pagination [২], xiii, ১৪২ পাতা :
Other physical details চিত্র.;
Dimensions ২৯ সেমি.
502 ## - DISSERTATION NOTE
Dissertation note থিসিস(এম.ফিল.)-- ফারসি ভাষা ও সাহিত্য বিভাগ, রাজশাহী বিশ্ববিদ্যালয়,২০২০
504 ## - BIBLIOGRAPHY, ETC. NOTE
Bibliography, etc গ্রন্থপঞ্জি : পাতা ১৩৭-১৪২
600 ## - SUBJECT ADDED ENTRY--PERSONAL NAME
Personal name হেদায়াত, সাদেক
Dates associated with a name ১৯০৩-১৯৫১
General subdivision সমালোচনা ও ব্যাখা
-- 11724
Personal name Sadek Hedayat's
Dates associated with a name 1903-1951
General subdivision Criticism and Interpretation
-- 11725
650 ## - SUBJECT ADDED ENTRY--TOPICAL TERM
Topical term or geographic name as entry element ফারসি ছোটগল্প
General subdivision ইতিহাস ও সমালোচনা
9 (RLIN) 11726
Topical term or geographic name as entry element Persian short stories
General subdivision History and Criticism
9 (RLIN) 11727
700 ## - ADDED ENTRY--SUPERVISOR/CO-SUPERVISOR NAME
Personal name উদ্দিন, মো. কামাল, সুপারভাইজার
9 (RLIN) 4418
942 ## - ADDED ENTRY ELEMENTS (KOHA)
Source of classification or shelving scheme Dewey Decimal Classification
Koha item type Theses
Holdings
Source of classification or shelving scheme Damaged status Not for loan Collection code Permanent Location Current Location Shelving location Date of accession Source of acquisition Total Checkouts Full call number Barcode Date last seen Copy number Thesis
Dewey Decimal Classification   Not For Loan Theses Central Library, University of Rajshahi Central Library, University of Rajshahi Documentation Section 13/02/2023 Controller of Exam. R.U.   BTHE 891.5509 RAS 2020 D4634 13/02/2024 C-1 Theses